000 00875cam a22002411 4500
001 l 59000104
003 DLC
005 20260227111545.0
008 810108m19581959sz 000 0 eng c
010 _al 59000104
035 _a(OCoLC)7052902
040 _aU.S. Dept. of Labor. Library
_cMChB
_dMChB
_dDLC
050 0 0 _aHD6476
_b.I6 1959
082 _a331.15
110 2 _aInternational Labour Office.
245 1 0 _aCollaboration between public authorities and employers' and workers' organisations at the industrial and national levels.
_bEighth item on the agenda.
260 _aGeneva,
_c1958-59.
300 _a2 v.
_c24 cm.
500 _aAt head of title: Report 8 (1)-(2) International Labour Conference. 43d sess., 1959.
650 0 _aLabor unions.
650 0 _aEmployers' associations.
711 2 _aInternational Labor Conference.
_n(43d :
_d1959 :
_cGeneva)
999 _c36999
_d36999